000
00286nam a2200109Ia 4500
008
220204s9999 xx 000 0 und d
082
_a
331:63(540)
_b
RAO
100
_a
RAO, V K R V
245
0
_a
Agricultural labour in India
260
_a
Bombay
_b
Asia Publishing House
_c
1962
942
_c
BK
999
_c
19288
_d
19288